000 00752nam a2200229 a 4500
001 000043580
005 20240530073922.0
008 140327s2014 dr 000 f spa d
020 _a9789945166101
040 _aDO-SdBNP
_bspa
_cBNPHU
082 _aRD863.44
_bC352r
100 1 _aCastillo Drullard, Pedro Héctor
_911757
245 1 3 _aLa riqueza /
_cPedro Héctor Castillo Drullard.
260 _aSanto Domingo :
_bBúho,
_c2014.
300 _a172 p. ;
_c21 cm.
500 _aIncluye datos biográficos del autor en la solapa de la contracubierta
500 _aBibliografía: p. 169.
590 _aInventariado, 2020/YL
650 0 _aNovela dominicana
_9223
650 0 _aLiteratura dominicana.
_967
910 _aValidado. Control de calidad EMS
999 _c43069
_d43069